Capitales mondiales en A - Statistiques

Statistiques générales
  • Ce quiz a été pris 90 fois
  • Le résultat moyen est 7 sur 15
Statistiques - réponses
Réponse % Correct
Ankara
73%
Alger
60%
Accra
55%
Andorre-la-Vieille
47%
Astana
47%
Asmara
44%
Addis-Abeba
43%
Athènes
43%
Amsterdam
42%
Antananarivo
42%
Abuja
39%
Amman
36%
Asunción
35%
Apia
32%
Abu Dhabi
29%
Aucun quiz correspondant
Distribution des résultats
% des personnes avec chaque résultat
Percentile par nombre de réponses
Votre historique - résultats
Vous n’avez pas pris ce quiz